A child widow's story (Record no. 1446608)

MARC details
000 -LEADER
fixed length control field 00564nam a2200193Ia 4500
005 - DATE AND TIME OF LATEST TRANSACTION
control field 20250923145048.0
008 - FIXED-LENGTH DATA ELEMENTS--GENERAL INFORMATION
fixed length control field 008 250917s9999 xx 000 0 eng d
037 ## - SOURCE OF ACQUISITION
Stock number Textual
040 ## - CATALOGING SOURCE
Original cataloging agency DSWL
Language of cataloging eng
Transcribing agency DSWL
041 ## - LANGUAGE CODE
Language code of text/sound track or separate title eng
Source of code eng
084 ## - COLON CLASSIFICATION NUMBER
Classification number T55w21.Mr6,M6, K6
Assigning agency DSWL
100 ## - MAIN ENTRY--PERSONAL NAME
Personal name Felton, Monica
9 (RLIN) 831394
245 #2 - TITLE STATEMENT
Title A child widow's story
Statement of responsibility, etc. by Monica Felton
260 ## - PUBLICATION, DISTRIBUTION, ETC.
Place of publication, distribution, etc. London
Name of publisher, distributor, etc. victor Gollancz Ltd.
Date of publication, distribution, etc. 1966
365 ## - TRADE PRICE
Price type code INR
Price amount 29.40
925 ## -
-- 29.40
942 ## - ADDED ENTRY ELEMENTS (KOHA)
Koha item type Textual
Classification part T55w21.Mr6,M6, K6
Holdings
Withdrawn status Lost status Damaged status Not for loan Home library Current library Date acquired Inventory number Total Checkouts Full call number Barcode Date last seen Price effective from Koha item type
        Department of Social Work Library Department of Social Work Library 2025-09-23 S/6990 26/08/1966   T55w21.Mr6,M6, K6 SW0012209 2025-09-23 2025-09-23 Textual
Copyright @ Delhi University Library System